000 00298nam a2200121Ia 4500
008 220216s9999 xx 000 0 und d
100 _aLindley P B
245 0 _aNatural rubber in engineering
260 _bRubber Board Bulletin
_c1983
300 _a16-Nov
700 _aLeaver Andrew
942 _cJS
999 _c63537
_d63537